Corporate killing: can company directors face prison for killing an employee (Record no. 66359)

MARC details
000 -LEADER
fixed length control field 01349cam a2200241 4500
001 - CONTROL NUMBER
control field ABS63698
008 - FIXED-LENGTH DATA ELEMENTS--GENERAL INFORMATION
fixed length control field 000000n2001 000 0 eng u
035 ## - SYSTEM CONTROL NUMBER
System control number (Sirsi) u111384
100 ## - MAIN ENTRY--PERSONAL NAME
Personal name Rice, P.
245 ## - TITLE STATEMENT
Title Corporate killing: can company directors face prison for killing an employee
260 ## - PUBLICATION, DISTRIBUTION, ETC.
Date of publication, distribution, etc. 2001
490 ## - SERIES STATEMENT
Series statement Wastes Management
Volume/sequential designation January 2001, 15(1)
520 ## - SUMMARY, ETC.
Summary, etc. Looks at government's emerging policy to tackle management failings in relation to health and safety in heavy industry. These include the requirement that companies appoint a Health and Safety Director. If a company is run by a Board of Directors, the Board must manage health and safety, or one Director must be appointed to carry out this task. In addition government is committed to a new Safety Bill, and is considering draft provisions for offences of 'corporate killing' and 'kiling by gross carelessness'. Provides details of the content of these draft provisions, considers the new health and safety sentencing guidelines, and discusses the notion of 'reasonable practicability'.
590 ## - LOCAL NOTE (RLIN)
Local note ABS
650 ## - SUBJECT ADDED ENTRY--TOPICAL TERM
Topical term or geographic name entry element COMPANY DIRECTORS
650 ## - SUBJECT ADDED ENTRY--TOPICAL TERM
Topical term or geographic name entry element MANSLAUGHTER
650 ## - SUBJECT ADDED ENTRY--TOPICAL TERM
Topical term or geographic name entry element HSE
650 ## - SUBJECT ADDED ENTRY--TOPICAL TERM
Topical term or geographic name entry element HEALTH AND SAFETY EXECUTIVE
650 ## - SUBJECT ADDED ENTRY--TOPICAL TERM
Topical term or geographic name entry element LIABILITY
650 ## - SUBJECT ADDED ENTRY--TOPICAL TERM
Topical term or geographic name entry element HEALTH AND SAFETY AT WORK ETC ACT 1974
690 ## - LOCAL SUBJECT ADDED ENTRY--TOPICAL TERM (OCLC, RLIN)
Topical term or geographic name as entry element Health and safety
9 (RLIN) 6244
942 ## - ADDED ENTRY ELEMENTS (KOHA)
Suppress in OPAC 0
Holdings
Withdrawn status Lost status Source of classification or shelving scheme Damaged status Not for loan Home library Current library Shelving location Date acquired Total Checkouts Full call number Barcode Date last seen Copy number Price effective from Koha item type
    Dewey Decimal Classification     London London Journal article 13/03/2001   ABS63698 111384-1001 06/08/2019 1 06/08/2019 Journal article